Footballeurs par image - FC Barcelone - Statistiques

Statistiques générales
  • Ce quiz a été pris 951 fois
  • Le résultat moyen est 13 sur 16
Statistiques - réponses
Par images Réponse % Correct
Lionel Messi
100%
Neymar
99%
Luis Suarez
96%
Ronaldinho
96%
Andres Iniesta
95%
Xavi
95%
Carles Puyol
93%
Samuel Eto'o
88%
Dani Alves
87%
Johan Cruyff
87%
Sergio Busquets
87%
Luis Enrique
83%
Ivan Rakitić
82%
Rivaldo
77%
Ronald Koeman
71%
Albert Ferrer
3%
Aucun quiz correspondant
Distribution des résultats
% des personnes avec chaque résultat
Percentile par nombre de réponses
Votre historique - résultats
Vous n’avez pas pris ce quiz